| 000 | 00426cam a2200181ua 4500 | ||
|---|---|---|---|
| 001 | 11263 | ||
| 008 | 190905n ii |||gr||||Z||||||eng | ||
| 020 | _a9788177582284 | ||
| 040 | _cMAIN | ||
| 041 | _aeng | ||
| 082 | _a657 | ||
| 100 |
_aP C Tulsian, _eAuthor. |
||
| 245 |
_aFinancial accounting _cBy P C Tulsian |
||
| 250 | _a23rd imp. | ||
| 260 |
_aUttar Pradesh: _bPearson, _c2018. |
||
| 653 | _aAccounting | ||
| 942 | _cBK | ||
| 999 |
_c10123 _d10123 |
||